000
00330nam a22001337a 4500
008
170707b xxu||||| |||| 00| 0 eng d
020
_a
9781860641282
041
_a
eng
080
_a
94
100
_a
18
101
_a
SHH
245
_a
IRAN AFTER N THE REVOLUTION CRISIS AN ISLAMIC STATE
_c
RAHNEMA.S
942
_2
udc
_c
BK
999
_c
20022
_d
20022